Historia 3 : los tiempos contemporáneos argentina y el mundo /
Guardado en:
| Autor Principal: | |
|---|---|
| Formato: | Libro |
| Publicado: |
Buenos Aires :
A-z,
1995
|
| Edición: | 5a. ed. |
| Series: | Serie Plata
|
| Materias: | |
| Etiquetas: |
Agregar Etiqueta
Sin Etiquetas, Sea el primero en etiquetar este registro!
|
| LEADER | 01859nam a22003495a 4500 | ||
|---|---|---|---|
| 001 | CEM.cems009383 | ||
| 008 | 130507s1995##################000#0#####d | ||
| 005 | 20210930195135.0 | ||
| 003 | CEMS | ||
| 245 | 1 | 0 | |a Historia 3 : |b los tiempos contemporáneos argentina y el mundo / |c Juan Antonio Bustinza, Alicia Grieco y Bavio |
| 250 | |a 5a. ed. | ||
| 260 | |a Buenos Aires : |b A-z, |c 1995 | ||
| 300 | |a 320 p. | ||
| 490 | 0 | |a Serie Plata | |
| 500 | |a Para tercer año del Ciclo Básico, escuelas de Comercio y Educación Técnica | ||
| 505 | 0 | |a La Confederación Rosista -- Europa en crisis -- Europa remodelada -- Consolidación institucional argentina (1852-1889) -- La Argentina del modelo agroexportador -- El imperialismo europeo y la Gran Guerra -- La Argentina fluctuante -- El mundo entre conflictos y armonías (1920-1990) -- Los últimos acontecimientos internacionales -- En el umbral del siglo XXI | |
| 020 | |a 9505341547 | ||
| 100 | 1 | |a Bustinza, Juan Antonio | |
| 082 | 0 | 4 | |a Z982 |
| 653 | |a Historia | ||
| 653 | |a Historia argentina | ||
| 859 | |a CEMS |b BIB. CEMS - 11 de abril |h 982 |i B969-2a5 |p 19051.96 |t Ej.1 | ||
| 859 | |a CEMS |b BIB. CEMS - 11 de abril |h 982 |i B969-2 |p 16145.91 |t Ej.1 | ||
| 859 | |a CEMS |b BIB. CEMS - 11 de abril |h 982 |i B969-2 |p 16146.91 |t Ej.2 | ||
| 859 | |a CEMS |b BIB. CEMS - 11 de abril |h 982 |i B969-2 |p 16147.91 |t Ej.3 | ||
| 859 | |a CEMS |b BIB. CEMS - 11 de abril |h 982 |i B969-2 |p 16148.91 |t Ej.4 | ||
| 859 | |a CEMS |b BIB. CEMS - 11 de abril |h 982 |i B969-2 |p 16149.91 |t Ej.5 | ||
| 859 | |a CEMS |b BIB. CEMS - 11 de abril |h 982 |i B969-2 |p 16401.91 |t Ej.6 | ||
| 859 | |a CEMS |b BIB. CEMS - 11 de abril |h 982 |i B969-2 |p 16402.91 |t Ej.7 | ||
| 859 | |a CEMS |b BIB. CEMS - 11 de abril |h 982 |i B969-2 |p 16403.91 |t Ej.8 | ||
| 859 | |a CEMS |b BIB. CEMS - Agricultura |h 982 |i B969 |p A18461.95 |t Ej.1 |v 3 |3 3 | ||
| 859 | |a CEMS |b BIB. CEMS - Agricultura |h 982 |i B969 |p A18489.95 |t Ej.2 |v 3 |3 3 | ||
